| 000 | 00580nam a22001937a 4500 | ||
|---|---|---|---|
| 003 | OSt | ||
| 005 | 20180116183017.0 | ||
| 008 | 151017b xxu||||| |||| 00| 0 eng d | ||
| 020 | _a9788121926270 | ||
| 040 |
_a0 _c0 |
||
| 082 | _a657.07 SAT 2013 | ||
| 100 | _aDr. C. Satydevi | ||
| 245 |
_aQuantitative Techniques _b(As per UGC Model Curriculum for the MBA and PGDBA students of all Indian Universities) _cDr. C. Satydevi |
||
| 260 |
_aNew Delhi _bS.Chand _c2013 |
||
| 300 |
_a678 P. _bPB |
||
| 440 | _aQuantitative Techniques | ||
| 600 | _aDr. C. Satydevi | ||
| 942 |
_2ddc _cBK |
||
| 999 |
_c350430 _d350430 |
||